Catalog

Record Details

Catalog Search



Boy meets squirrels / Mike Nawrocki ; illustrated ... Read More

Nawrocki, Michael,(author.).
Séguin Magee, Luke,(illustrator.).

Available copies

  • 1 of 2 copies available at LARL/NWRL Consortium. (Show)
  • 1 of 2 copies available at Lake Agassiz Regional Library.

Current holds

0 current holds with 2 total copies.

Show Only Available Copies
Location Call Number / Copy Notes Barcode Shelving Location Status Due Date
Bagley Public Library J NAW (Text) 33500013738273 Main Available -
Hawley Public Library J NAW (Text) 33500013738281 Main Checked out 06/02/2026

Record details

  • ISBN: 9781496435026
  • ISBN: 1496435028
  • Physical Description: 113 pages : illustrations ; 20 cm
  • Publisher: Carol Stream, Illinois : Tyndale Kids, Tyndale House Publishers, Inc., [2019]

Content descriptions

Summary, etc.:
Will Michael heed the advice of his 2,000-year-old ... Read More
Subject: Bullying > Juvenile fiction.
Revenge > Juvenile fiction.
Schools > Juvenile fiction.
Squirrels > Juvenile fiction.
Christian life > Juvenile fiction.
Bullying > Fiction.
Revenge > Fiction.
Schools > Fiction.
Squirrels > Fiction.
Christian life > Fiction.
Genre: Children's stories.
Religious fiction.
Animal fiction.
LDR 02630cam a2200649 i 4500
001404820
003LARL_NWRL_CONSORTIUM
00520230120160802.0
008180910s2019 ilua b 000 1 eng
010 . ‡a 2018037428
040 . ‡aDLC ‡beng ‡erda ‡cDLC ‡dBDX ‡dYDX ‡dUAP ‡dTNH ‡dBKL ‡dOJ4 ‡dOCLCF ‡dHBP ‡dRIOSL ‡dNYP ‡dNZAUC ‡dDLC ‡dOCL ‡dOCLCQ ‡dCHY ‡dOCLCO
020 . ‡a9781496435026 ‡q(sc)
020 . ‡a1496435028
035 . ‡a(OCoLC)1053123470
042 . ‡alcac ‡apcc
08200. ‡a[Fic] ‡223
1001 . ‡aNawrocki, Michael, ‡eauthor. ‡0(LARL_NWRL_CONSORTIUM)142482
24510. ‡aBoy meets squirrels / ‡cMike Nawrocki ; illustrated by Luke Séguin-Magee.
264 1. ‡aCarol Stream, Illinois : ‡bTyndale Kids, Tyndale House Publishers, Inc., ‡c[2019]
300 . ‡a113 pages : ‡billustrations ; ‡c20 cm
336 . ‡atext ‡btxt ‡2rdacontent
337 . ‡aunmediated ‡bn ‡2rdamedia
338 . ‡avolume ‡bnc ‡2rdacarrier
4900 . ‡aDead Sea squirrels ; ‡v2
520 . ‡aWill Michael heed the advice of his 2,000-year-old squirrel souvenirs from the Dead Sea, or, in his attempt to get revenge, will he become a bully himself?
650 0. ‡aBullying ‡vJuvenile fiction. ‡0(LARL_NWRL_CONSORTIUM)171105
650 0. ‡aRevenge ‡vJuvenile fiction. ‡0(LARL_NWRL_CONSORTIUM)174678
650 0. ‡aSchools ‡vJuvenile fiction. ‡0(LARL_NWRL_CONSORTIUM)167227
650 0. ‡aSquirrels ‡vJuvenile fiction. ‡0(LARL_NWRL_CONSORTIUM)175277
650 0. ‡aChristian life ‡vJuvenile fiction. ‡0(LARL_NWRL_CONSORTIUM)164297
650 1. ‡aBullying ‡vFiction.
650 1. ‡aRevenge ‡vFiction. ‡0(LARL_NWRL_CONSORTIUM)167017
650 1. ‡aSchools ‡vFiction. ‡0(LARL_NWRL_CONSORTIUM)167222
650 1. ‡aSquirrels ‡vFiction.
650 1. ‡aChristian life ‡vFiction. ‡0(LARL_NWRL_CONSORTIUM)164295
655 0. ‡aChildren's stories.
655 7. ‡aReligious fiction. ‡2lcgft
655 7. ‡aAnimal fiction. ‡2lcgft
7001 . ‡aSéguin Magee, Luke, ‡eillustrator.
905 . ‡uvanderl
901 . ‡a404820 ‡b ‡c404820 ‡tbiblio ‡soclc

Additional Resources